La situación ambiental en América Latina: algunos estudios de casos
Gorde:
| Formatua: | Liburua |
|---|---|
| Hizkuntza: | gaztelania |
| Argitaratua: |
Buenos Aires
CIEDLA
1991
|
| Gaiak: | |
| Etiketak: |
Etiketa erantsi
Etiketarik gabe, Izan zaitez lehena erregistro honi etiketa jartzen!
|
MARC
| LEADER | 00000nam a2200000 a 4500 | ||
|---|---|---|---|
| 001 | UCX7643 | ||
| 003 | CL-VaPUC | ||
| 008 | 931223e19910000AG |||||||||||||||||spa|d | ||
| 082 | 0 | 4 | |a 577.098 |b SIT |2 21 |
| 245 | 1 | 3 | |a La situación ambiental en América Latina: algunos estudios de casos |
| 300 | |a 579 p | ||
| 942 | |c BK | ||
| 945 | |d 19931223 00:00:00 |a mfernand | ||
| 260 | |a Buenos Aires |b CIEDLA |c 1991 | ||
| 650 | 0 | |a Ecología |9 258124 | |
| 650 | 0 | |a Medio ambiente |9 257625 | |
| 650 | 7 | |a CONSERVACION DE LOS RECURSOS NATURALES |2 CL-VaPUC |9 261621 | |
| 651 | 0 | |a América Latina |9 255027 | |
| 583 | |a last modification |c 19931223 00:00:00 |k Rodrigo Vera | ||
| 999 | |c 227416 |d 227414 | ||
| 952 | |0 0 |1 0 |4 0 |6 577_098000000000000_SIT_1991 |7 0 |8 A |9 226406 |a BIBHIS |b BIBHIS |d 2019-11-15 |i 295530K |l 4 |o 577.098 SIT 1991 |p 295530K |r 2025-01-20 |s 2023-10-11 |w 2019-11-15 |y BK |k HIS | ||
| 952 | |0 0 |1 0 |4 0 |6 577_098000000000000_SIT_1991 |7 0 |8 A |9 226407 |a BIBHIS |b BIBHIS |d 2019-11-15 |i 1209809 |l 3 |m 2 |o 577.098 SIT 1991 |p 1209809 |r 2025-01-20 |s 2024-03-18 |w 2019-11-15 |y BK |k HIS | ||